Технология обессоливания нефтей на нефтеперерабатывающих предприятиях

التفاصيل البيبلوغرافية
المؤلف الرئيسي: Левченко Д. Н. Дометий Николаевич
مؤلفون آخرون: Бергштейн Н. В. Нухим Вольфович, Николаева Н. М. Надежда Михайловна
اللغة:الروسية
منشور في: Москва, Химия, 1985
الموضوعات:
التنسيق: كتاب
KOHA link:https://koha.lib.tpu.ru/cgi-bin/koha/opac-detail.pl?biblionumber=142272

MARC

LEADER 00000nam0a2200000 4500
001 142272
005 20231031142707.0
020 |a RU  |b 85-40484 
035 |a (RuTPU)RU\TPU\book\154181 
090 |a 142272 
100 |a 20080903d1985 m a0rusy5003 ca 
101 0 |a rus 
102 |a RU 
105 |a a z 001zy 
200 1 |a Технология обессоливания нефтей на нефтеперерабатывающих предприятиях  |f Д. Н. Левченко, Н. В. Бергштейн, Н. М. Николаева 
210 |a Москва  |c Химия  |d 1985 
215 |a 168 с.  |c ил. 
320 |a Библиогр.: с. 164-166. 
610 1 |a нефть 
610 1 |a обессоливание 
610 1 |a механизация 
610 1 |a обезвоживание 
675 |a 665.62  |v 3 
700 1 |a Левченко  |b Д. Н.  |g Дометий Николаевич 
701 1 |a Бергштейн  |b Н. В.  |g Нухим Вольфович 
701 1 |a Николаева  |b Н. М.  |g Надежда Михайловна 
801 0 |a RU  |b RuMRKP  |c 19950704  |g psbo 
801 1 |a RU  |b 63413507  |c 20080903  |g PSBO 
801 2 |a RU  |b 63413507  |c 20090506  |g PSBO 
942 |c BK